000 00396nam a2200145Ia 4500
008 211118s9999||||xx |||||||||||||| ||und||
082 _a823
_bBAS-M
100 _aBasheer, Vaikom Muhammad
245 0 _aMe Grandad`ad an Elephant!`
260 _bPenguin Books
_aLondon
_c1986
300 _a204p
630 _xGeneral Stack
650 _aEnglish Literature
_venglish fictionEnglish
942 _cBOOK
999 _c99342
_d99342